| 000 -LEADER |
| fixed length control field |
01002cam a2200241 a 4500 |
| 001 - CONTROL NUMBER |
| control field |
17080583 |
| 005 - DATE AND TIME OF LATEST TRANSACTION |
| control field |
20221003170050.0 |
| 008 - FIXED-LENGTH DATA ELEMENTS--GENERAL INFORMATION |
| fixed length control field |
111212s2012 nyu b 001 0 eng |
| 020 ## - INTERNATIONAL STANDARD BOOK NUMBER |
| Canceled/invalid ISBN |
9781619423022 |
| 041 ## - LANGUAGE CODE |
| Language code of text/sound track or separate title |
eng |
| 080 ## - UNIVERSAL DECIMAL CLASSIFICATION NUMBER |
| Universal Decimal Classification number |
517.98 K-65 |
| 100 1# - MAIN ENTRY--PERSONAL NAME |
| Personal name |
Kokilashvili, V. M. |
| Fuller form of name |
(Vakhtang Mikhaĭlovich) |
| 9 (RLIN) |
8354 |
| 245 10 - TITLE STATEMENT |
| Title |
Boundary value problems for analytic and harmonic functions in nonstandard Banach function spaces / |
| Statement of responsibility, etc. |
Vakhtang Kokilashvili and Vakhtang Paatashvili, editor. |
| 264 ## - PRODUCTION, PUBLICATION, DISTRIBUTION, MANUFACTURE, AND COPYRIGHT NOTICE |
| Place of production, publication, distribution, manufacture |
New York : |
| Name of producer, publisher, distributor, manufacturer |
Nova Science Publishers, |
| Date of production, publication, distribution, manufacture, or copyright notice |
2012. |
| 300 ## - PHYSICAL DESCRIPTION |
| Extent |
280 p. ; |
| Dimensions |
27 cm. |
| 490 0# - SERIES STATEMENT |
| Series statement |
Mathematics research developments |
| 653 ## - INDEX TERM--UNCONTROLLED |
| keyword |
მათემატიკა |
| 653 ## - INDEX TERM--UNCONTROLLED |
| keyword |
ფუნქციონალური სივრცეები |
| 653 ## - INDEX TERM--UNCONTROLLED |
| keyword |
ფუნქციონალური ანალიზი |
| 653 ## - INDEX TERM--UNCONTROLLED |
| keyword |
ჰარმონიული ფუნქციები |
| 700 1# - ADDED ENTRY--PERSONAL NAME |
| Personal name |
Paatashvili, Vakhtang. |
| Relator term |
რედაქტორი |
| 9 (RLIN) |
8669 |
| 942 ## - ADDED ENTRY ELEMENTS (KOHA) |
| Source of classification or shelving scheme |
|
| Koha item type |
წიგნი |